000 00895nam a2200253 a 4500
001 BRCA_5003
005 20190320204910.0
008 281010s1897----fr-a######---#000-0#fre-#
041 _afre
044 _afr
050 4 _aN6370.G3
_b.C37 1897
245 1 0 _aCatalogue des objects d´arts et de haute curiosite de la renaissance tableaux, tapisseries composant la collection de M. Emile Gavet.
260 _aParís
_bE. Moreau
_c1897
300 _a211 p.
_bil.
_c35 cm.
500 _aVenta realizada en la Galería ´Georges Petit´ del lunes 31 de mayo al miércoles 9 de junio de 1897
500 _aD109
600 1 4 _aGavet, Emile M.
_xColecciones de arte
_912759
650 1 4 _aArte renacentista
_97760
650 1 4 _aColeccionistas y colecciones
_xArte
_912014
650 1 4 _aGalerías de arte
_zFrancia
_912760
710 2 _aGalerie Georges Petit
_912761
902 _aGFM
942 _2lcc
_cB
999 _c4697
_d4697